000 00575nam a2200181Ia 4500
008 100917s9999 xx 000 0 und d
082 _b55779
100 _aरहाळकर कृ. के.
245 _aसागरपरींच्या कथा
260 _bअरगडे कुलकर्णी
_c1978
300 _a64
365 _b3
520 _aबालविभाग
630 _aसागरपरींच्या कथा
650 _aबालविभाग
730 _aसागरपरींच्या कथा
942 _cBOOK
999 _c661173
_d661170